Üzleti tervek készítésének módszerei, értékelési szempontjai egy konkrét üzleti terv összeállításán keresztül

Bibliographic Details
Main Author: Nyári Balázs
Other Authors: Németh Dr. Krisztina
Format: Final Paper
Kulcsszavak:tervezés
Startup
Üzleti tervezés
Online Access:http://dolgozattar.uni-bge.hu/17305

MARC

LEADER 00000nta a2200000 i 4500
001 dolg17305
005 20180516154038.0
008 180516suuuu hu o 000 hun d
040 |a BGE Dolgozattár Repozitórium  |b hun 
041 |a hu 
100 1 |a Nyári Balázs 
245 1 0 |a Üzleti tervek készítésének módszerei, értékelési szempontjai egy konkrét üzleti terv összeállításán keresztül  |c Nyári Balázs  |h [elektronikus dokumentum] 
516 |a Final_paper 
695 |a tervezés 
695 |a Startup  
695 |a Üzleti tervezés 
700 1 |a Németh Dr. Krisztina  |e ths 
856 4 0 |u http://dolgozattar.uni-bge.hu/17305/1/Szakdolgozat.pdf  |z Dokumentum-elérés 
856 4 0 |u http://dolgozattar.uni-bge.hu/17305/2/Scan%2018.%20m%C3%A1j.%2016.%20%282%29.pdf  |z Dokumentum-elérés